[Event "Euro Online U2300 Day 2"]
[Site "chess.com INT"]
[Date "2020.05.26"]
[Round "3"]
[White "Lisin, Egor"]
[Black "Basa, Manasvita"]
[Result "0-1"]
[WhiteElo "1943"]
[BlackElo "1711"]
[WhiteFideId "34147257"]
[BlackFideId "1060228"]
[EventDate "2020.05.26"]

1. Nf3 d5 2. g3 c5 3. Bg2 Nc6 4. O-O e5 5. d3 Nf6 6. e4 d4 7. a4 Bd6 8. Na3 O-O
9. Nc4 Bc7 10. Ne1 Bg4 11. f3 Bh5 12. h4 Bg6 13. g4 h6 14. f4 exf4 15. Bxf4 Bxf4
16. Rxf4 Qc7 17. Rxf6 gxf6 18. Nf3 Qg3 19. h5 Bh7 20. Qd2 Kg7 21. Nh2 Ne5 22.
Nxe5 fxe5 23. Kh1 Rae8 24. Rf1 Re6 25. Rf3 Qh4 26. Qe2 Rf6 27. Rxf6 Qxf6 28. Nf3
Qf4 29. b3 Qxg4 30. Qf2 Qxh5+ 31. Kg1 Rg8 32. Qg3+ Kf8 33. Qxe5 Qxe5 34. Nxe5
Ke7 35. Kf2 Ke6 36. Nc4 h5 37. Bh3+ f5 38. e5 h4 39. Bg2 b6 40. Nd2 Kxe5 41.
Nf3+ Kf4 42. Nxh4 Re8 43. Bc6 Re6 44. Bd5 Rd6 45. Bf3 Bg6 46. Ng2+ Kg5 47. Kg3
Re6 48. Nf4 Re1 49. Nh3+ Kf6 50. Nf2 Rc1 51. Bd1 Ke5 52. Kg2 Kf4 53. Kf1 Ke3 54.
Ke1 Bh5 55. a5 Bxd1 56. Nxd1+ Kf3 57. axb6 axb6 58. Kd2 Rxd1+ 0-1

[Event "Euro Online U2300 Day 2"]
[Site "chess.com INT"]
[Date "2020.05.26"]
[Round "3"]
[White "Marjanovic, Annamaria"]
[Black "Antova, Gabriela"]
[Result "1/2-1/2"]
[WhiteTitle "WGM"]
[BlackTitle "FM"]
[WhiteElo "2338"]
[BlackElo "2255"]
[WhiteFideId "750930"]
[BlackFideId "2915235"]
[EventDate "2020.05.26"]

1. c4 e5 2. g3 Nf6 3. Bg2 d5 4. cxd5 Nxd5 5. Nc3 Nb6 6. Nf3 Nc6 7. O-O Be7 8.
Rb1 O-O 9. b4 a6 10. a3 Be6 11. d3 f5 12. Bb2 Bf6 13. Na4 Nxa4 14. Qxa4 Bd5 15.
Rfd1 Nd4 16. Bxd4 exd4 17. Ne1 c6 18. Bxd5+ Qxd5 19. Qb3 Rad8 20. Nf3 Rfe8 21.
Qxd5+ Rxd5 22. Kf1 Re7 23. Rb2 a5 24. Nd2 axb4 25. axb4 Rb5 26. Nc4 Rd7 27. Ra1
Be7 28. Ra4 h5 29. Na3 Re5 30. Nc4 Rb5 31. f4 h4 32. Kf2 Rd8 33. Kf3 hxg3 34.
hxg3 Kf7 35. Kg2 g5 36. Kf3 Ke6 37. Na3 Rbd5 38. Ra7 R8d7 39. Nc4 Rb5 40. Ra4
Rd8 41. Na3 Rbd5 42. Ra7 R8d7 43. Nc4 Rb5 44. Ra4 Rd8 1/2-1/2

[Event "Euro Online U2300 Day 2"]
[Site "chess.com INT"]
[Date "2020.05.26"]
[Round "3"]
[White "Nikac, Predrag"]
[Black "Kormos, Adam"]
[Result "1-0"]
[WhiteTitle "IM"]
[WhiteElo "2313"]
[BlackElo "2279"]
[WhiteFideId "908975"]
[BlackFideId "730483"]
[EventDate "2020.05.26"]

1. d4 d6 2. Nc3 Nf6 3. e4 g6 4. Bg5 c6 5. Qd2 b5 6. f3 b4 7. Nd1 a5 8. Ne3 Bg7
9. a3 bxa3 10. Rxa3 O-O 11. Bd3 h6 12. Bh4 c5 13. dxc5 dxc5 14. Ne2 Na6 15. Qxa5
Bb7 16. Qxd8 Rfxd8 17. O-O Nb4 18. Bc4 g5 19. Be1 Nh5 20. Bxb4 cxb4 21. Rxa8
Bxa8 22. Rd1 Rc8 23. b3 Bf8 24. g4 Nf6 25. Nd4 Rd8 26. e5 Ne8 27. e6 f6 28. Kf2
Nc7 29. Ndf5 Rxd1 30. Nxd1 Nd5 31. Nde3 Nb6 32. Nd4 Bb7 33. Nef5 Kh7 34. Ke3 Kg6
35. h3 h5 36. Kd3 hxg4 37. hxg4 Nd5 38. Bxd5 Bxd5 39. c4 bxc3 40. Kxc3 Bb7 41.
Kc4 Ba6+ 42. Kc5 Bc8 43. b4 Kh7 44. b5 Bb7 45. Kb6 Bd5 46. Kc7 Kg6 47. b6 1-0

[Event "Euro Online U2300 Day 2"]
[Site "chess.com INT"]
[Date "2020.05.26"]
[Round "3"]
[White "Patrelakis, Evaggelos"]
[Black "Laptii, Nazar"]
[Result "1-0"]
[WhiteElo "2259"]
[BlackElo "2180"]
[WhiteFideId "4295102"]
[BlackFideId "14174332"]
[EventDate "2020.05.26"]

1. e4 g6 2. d4 Bg7 3. Nc3 d6 4. Be3 a6 5. Qd2 b5 6. h4 h5 7. Nh3 Nf6 8. Ng5 Ng4
9. Bf4 Bb7 10. f3 Nf6 11. Bd3 O-O 12. e5 dxe5 13. dxe5 Nd5 14. Nxd5 Qxd5 15. Qe3
Nc6 16. Rd1 Qxa2 17. e6 f5 18. g4 Qxb2 19. gxh5 gxh5 20. Nf7 Nd4 21. Rg1 Nxf3+
22. Ke2 Rxf7 23. exf7+ Kxf7 24. Bxf5 Qf6 25. Be6+ Kf8 26. Rg5 Nxg5 27. Bxg5 Qe5
28. Rf1+ Ke8 29. Qxe5 Bxe5 30. Bh6 Bf6 31. Rg1 1-0

[Event "Euro Online U2300 Day 2"]
[Site "chess.com INT"]
[Date "2020.05.26"]
[Round "3"]
[White "Droin, Augustin"]
[Black "Schlegel, Igor"]
[Result "1-0"]
[WhiteTitle "FM"]
[WhiteElo "2313"]
[BlackElo "2027"]
[WhiteFideId "45105987"]
[BlackFideId "1334956"]
[EventDate "2020.05.26"]

1. e4 c5 2. Nf3 d6 3. d4 cxd4 4. Nxd4 Nf6 5. Nc3 a6 6. h3 g6 7. g4 Bg7 8. g5 Nh5
9. Be2 O-O 10. Be3 Nc6 11. Bxh5 gxh5 12. Nb3 Ne5 13. Bd4 b5 14. Qxh5 b4 15. Nd5
a5 16. f4 Nc4 17. Bxg7 Kxg7 18. Rg1 Bb7 19. f5 Bxd5 20. exd5 Qb6 21. O-O-O Qe3+
22. Kb1 a4 23. f6+ Kh8 24. Rge1 axb3 25. Rxe3 bxc2+ 26. Kxc2 Nxe3+ 27. Kb3 Nxd1
28. fxe7 Rfe8 29. Qxf7 Rab8 30. h4 Rg8 31. h5 Ne3 32. Qf6+ Rg7 33. h6 1-0

[Event "Euro Online U2300 Day 2"]
[Site "chess.com INT"]
[Date "2020.05.26"]
[Round "3"]
[White "Laux, Dominik"]
[Black "Mladek, Richard"]
[Result "0-1"]
[BlackTitle "FM"]
[WhiteElo "2009"]
[BlackElo "2280"]
[WhiteFideId "12994219"]
[BlackFideId "386588"]
[EventDate "2020.05.26"]

1. d4 Nf6 2. Bg5 Ne4 3. Bf4 c5 4. f3 Qa5+ 5. c3 Nf6 6. d5 Qb6 7. Bc1 e6 8. e4
exd5 9. exd5 d6 10. c4 Be7 11. Nc3 O-O 12. Bd3 Nbd7 13. Nge2 Ne5 14. O-O Re8 15.
f4 Nxd3 16. Qxd3 g6 17. Ng3 Ng4 18. h3 Nh6 19. f5 Nxf5 20. Nxf5 Bxf5 21. Rxf5
gxf5 22. Qxf5 Qd8 23. Ne4 Qc8 24. Nf6+ Bxf6 25. Qxf6 Re1+ 26. Kh2 Qd8 27. Qh6
Re4 28. b3 Qf8 29. Qd2 Rae8 30. Bb2 f6 31. Bc3 Qg7 32. Rg1 Re2 33. Qf4 Qg5 34.
Qxd6 Kf7 35. Qxc5 Qf4+ 36. Kh1 R8e3 37. Bd4 Rxh3+ 38. gxh3 Rh2# 0-1

[Event "Euro Online U2300 Day 2"]
[Site "chess.com INT"]
[Date "2020.05.26"]
[Round "3"]
[White "Yanev, Pavel"]
[Black "Burdalev, Kirill"]
[Result "0-1"]
[BlackTitle "FM"]
[WhiteElo "2267"]
[BlackElo "2394"]
[WhiteFideId "2910756"]
[BlackFideId "14121913"]
[EventDate "2020.05.26"]

1. e4 e6 2. d4 d5 3. Nc3 Bb4 4. Ne2 Nc6 5. a3 Ba5 6. Be3 Nge7 7. Qd2 O-O 8.
O-O-O dxe4 9. b4 Bb6 10. Nxe4 e5 11. d5 Bxe3 12. fxe3 Nb8 13. N2c3 Nf5 14. Bc4
a5 15. Kb2 axb4 16. axb4 Nd6 17. Bb3 Bf5 18. Nc5 b6 19. Nd3 Nd7 20. Rde1 b5 21.
Ra1 Nb6 22. Kb1 Ndc4 23. Bxc4 Nxc4 24. Qc1 Rxa1+ 25. Kxa1 Qa8+ 26. Na2 Qa7 27.
Qb1 Qxe3 28. Qe1 Qd4+ 29. Qc3 Qa7 30. Nc1 Ra8 31. Re1 Bxc2 32. Re2 Bg6 33. g4
Qg1 0-1

[Event "Euro Online U2300 Day 2"]
[Site "chess.com INT"]
[Date "2020.05.26"]
[Round "3"]
[White "Gevorgyan, Albert"]
[Black "Mica, Marek"]
[Result "0-1"]
[BlackTitle "FM"]
[WhiteElo "2170"]
[BlackElo "2324"]
[WhiteFideId "13309951"]
[BlackFideId "382884"]
[EventDate "2020.05.26"]

1. Nf3 Nf6 2. c4 e6 3. g3 b6 4. Bg2 Bb7 5. O-O g6 6. b3 Bg7 7. Bb2 O-O 8. d4 d6
9. Nc3 Nbd7 10. Qc2 Qe7 11. Rad1 Rac8 12. Rfe1 Rfe8 13. e4 e5 14. Nd5 Nxd5 15.
exd5 Qf8 16. dxe5 Nxe5 17. Nxe5 dxe5 18. d6 Bxg2 19. d7 Bf3 20. dxc8=Q Rxc8 21.
Rd7 Qe8 22. Rd3 Qc6 23. Qc3 Be4 24. Rde3 Bf5 25. Rd1 Re8 26. Qe1 Bg4 27. Rd5 f6
28. Red3 Bf8 29. b4 Be6 30. b5 Qa8 31. Rxe5 Bh3 32. Rdd5 fxe5 33. Qe4 Bf5 34.
Qh4 Bg7 35. g4 Be4 36. Rd7 Bh1 37. f3 Qxf3 38. Rd2 Qe4 39. Qg3 Qb1+ 40. Kf2 Rf8+
41. Ke2 Qf1+ 42. Ke3 Rf3+ 0-1

[Event "Euro Online U2300 Day 2"]
[Site "chess.com INT"]
[Date "2020.05.26"]
[Round "3"]
[White "Mesnyankin, Nikita"]
[Black "Salna, Aleksandras"]
[Result "0-1"]
[WhiteElo "2176"]
[BlackElo "2063"]
[WhiteFideId "24175935"]
[BlackFideId "12807575"]
[EventDate "2020.05.26"]

1. e4 c5 2. Nf3 Nc6 3. d4 cxd4 4. Nxd4 Nf6 5. Nc3 e5 6. Ndb5 d6 7. Bg5 a6 8. Na3
b5 9. Nd5 Be7 10. Bxf6 Bxf6 11. c4 b4 12. Nc2 O-O 13. h4 a5 14. b3 g6 15. Nxf6+
Qxf6 16. g3 a4 17. Bg2 Bg4 18. f3 axb3 19. axb3 Rxa1 20. Qxa1 Bd7 21. O-O Qd8
22. Qa6 f5 23. f4 Qc7 24. Ne3 Nd4 25. Nd5 Qc5 26. Kh2 fxe4 27. Bxe4 Be6 28. Ne7+
Kg7 29. Qb7 Rf7 30. fxe5 Qxe5 31. Rxf7+ Bxf7 32. Bg2 Ne2 33. Nd5 Qxg3+ 34. Kh1
Qxh4+ 0-1

[Event "Euro Online U2300 Day 2"]
[Site "chess.com INT"]
[Date "2020.05.26"]
[Round "3"]
[White "Tzoumbas, Anastasios"]
[Black "Tsaknakis, Zisis"]
[Result "0-1"]
[WhiteTitle "FM"]
[WhiteElo "2284"]
[BlackElo "2217"]
[WhiteFideId "4200519"]
[BlackFideId "4259963"]
[EventDate "2020.05.26"]

1. e4 c5 2. Nf3 d6 3. c3 Nf6 4. d4 cxd4 5. Qxd4 Nc6 6. Qe3 e5 7. h3 Be7 8. Bc4
O-O 9. O-O Be6 10. Nbd2 d5 11. exd5 Nxd5 12. Bxd5 Qxd5 13. c4 Qd7 14. Nxe5 Nxe5
15. Qxe5 Bd6 16. Qh5 g6 17. Qh4 Rac8 18. Ne4 Be7 19. Bg5 f6 20. Bxf6 Rce8 21.
Rad1 Qc7 22. Rfe1 Bb4 23. Re3 Bf5 24. Rd4 Re6 25. Bd8 Qg7 26. Ng5 Rxe3 27. fxe3
Bc5 28. Rd1 Bxe3+ 29. Kh1 h6 30. Nf3 Qxb2 31. Qe7 Qc2 32. Re1 Bf2 33. Rf1 Bg3
34. Nd4 Qd3 35. Ne2 Bd6 36. Qxb7 Qxe2 0-1

[Event "Euro Online U2300 Day 2"]
[Site "chess.com INT"]
[Date "2020.05.26"]
[Round "3"]
[White "Rabatin, Jakub"]
[Black "Tevzadze, Mariam"]
[Result "1-0"]
[WhiteTitle "FM"]
[WhiteElo "2271"]
[BlackElo "1834"]
[WhiteFideId "329517"]
[BlackFideId "13605470"]
[EventDate "2020.05.26"]

1. e4 d6 2. d4 Nf6 3. Nc3 e5 4. Nf3 Nbd7 5. Bc4 Be7 6. O-O O-O 7. Re1 c6 8. a4
Qc7 9. b3 h6 10. Ba3 Re8 11. Nh4 exd4 12. Qxd4 Ne5 13. Be2 Nfg4 14. Nf5 c5 15.
Nd5 Qb8 16. Ndxe7+ Rxe7 17. Nxe7+ Kf8 18. Bxc5 Kxe7 19. Bxg4 dxc5 20. Qxc5+ Qd6
21. Qxd6+ Kxd6 22. Bxc8 Rxc8 23. Rad1+ Ke6 24. Re2 Rc6 25. f4 Ng4 26. h3 Nf6 27.
Kf2 Rc3 28. Rd3 Rc6 29. Kf3 Nd7 30. Red2 Nc5 31. Rd8 Ke7 32. e5 Rc7 33. f5 a6
34. R8d5 b6 35. g4 Nb7 36. f6+ gxf6 37. exf6+ Kxf6 38. Rd7 Rc3+ 39. R2d3 Rxd3+
40. cxd3 Nc5 41. Rd6+ Ke5 42. Rxb6 Nxd3 43. Rxa6 Ne1+ 44. Ke2 Nc2 45. Rxh6 f6
46. Kd3 Nb4+ 47. Kc4 Nd5 48. a5 Nc7 49. b4 f5 50. gxf5 Kxf5 51. b5 Kg5 52. b6
Na6 53. Kb5 Nb8 54. a6 Kxh6 55. a7 1-0

[Event "Euro Online U2300 Day 2"]
[Site "chess.com INT"]
[Date "2020.05.26"]
[Round "3"]
[White "Randazzo, Adrian"]
[Black "Koskela, Niina"]
[Result "1-0"]
[WhiteTitle "FM"]
[BlackTitle "WGM"]
[WhiteElo "2293"]
[BlackElo "2197"]
[WhiteFideId "114251"]
[BlackFideId "500755"]
[EventDate "2020.05.26"]

1. e4 e5 2. Nf3 Nc6 3. Nc3 Nf6 4. d4 exd4 5. Nxd4 Bb4 6. Nxc6 bxc6 7. Bd3 d5 8.
exd5 cxd5 9. O-O O-O 10. h3 c6 11. Qf3 Re8 12. Bf4 Bd6 13. Rfe1 Be6 14. Ne2 Rb8
15. b3 Rb4 16. c3 Rb8 17. Nd4 Bxf4 18. Qxf4 Qc8 19. Qd6 c5 20. Nxe6 Rxe6 21.
Rxe6 fxe6 22. Re1 Rb6 23. Qf4 Rc6 24. Bc2 Rc7 25. g4 Rf7 26. Qd6 Qc7 27. Rxe6
Qxd6 28. Rxd6 Re7 29. Kf1 Re5 30. Bf5 Kf7 31. Ra6 g6 32. Bd3 Re7 33. Rc6 Nd7 34.
Rc7 Ne5 35. Rxe7+ Kxe7 36. Ke2 d4 37. cxd4 cxd4 38. f4 Nd7 39. Bc4 Kd6 40. b4
Nb8 41. Kd3 Nc6 42. a3 a5 43. b5 Nd8 44. Kxd4 Nb7 45. g5 Nc5 46. Bg8 a4 47. b6
Nd7 48. b7 Kc7 49. Bxh7 Nf8 50. Bxg6 Nxg6 51. f5 Nh4 52. Ke5 Kxb7 53. g6 Kc6 54.
g7 1-0

[Event "Euro Online U2300 Day 2"]
[Site "chess.com INT"]
[Date "2020.05.26"]
[Round "3"]
[White "Goltseva, Ekaterina"]
[Black "Sedina, Elena"]
[Result "1-0"]
[WhiteTitle "FM"]
[BlackTitle "IM"]
[WhiteElo "2306"]
[BlackElo "2299"]
[WhiteFideId "24173770"]
[BlackFideId "812153"]
[EventDate "2020.05.26"]

1. d4 d5 2. c4 c6 3. Nf3 Nf6 4. g3 Bf5 5. Nc3 e6 6. Nh4 dxc4 7. Nxf5 exf5 8. Bg2
Bb4 9. O-O O-O 10. a4 Nbd7 11. Qc2 Nb6 12. a5 Nbd5 13. Nxd5 cxd5 14. Qxf5 h6 15.
a6 b5 16. g4 Re8 17. g5 hxg5 18. Bxg5 Rxe2 19. Bf3 Rxb2 20. Kh1 Bd2 21. Bh4 Qd7
22. Qxd7 Nxd7 23. Bxd5 Rb8 24. Bg3 Rf8 25. Bd6 Rd8 26. Be7 Re8 27. Ba3 Rc2 28.
Bc6 Rd8 29. Bxb5 Nb6 30. Bc5 Nd5 31. Bxa7 Bf4 32. Bc5 Rb2 33. Bxc4 1-0

[Event "Euro Online U2300 Day 2"]
[Site "chess.com INT"]
[Date "2020.05.26"]
[Round "3"]
[White "Toczek, Grzegorz"]
[Black "Ristic, Nenad"]
[Result "0-1"]
[WhiteTitle "FM"]
[BlackTitle "GM"]
[WhiteElo "2271"]
[BlackElo "2332"]
[WhiteFideId "1106457"]
[BlackFideId "901318"]
[EventDate "2020.05.26"]

1. e4 c6 2. d4 d5 3. Nd2 dxe4 4. Nxe4 Nf6 5. Nxf6+ exf6 6. c3 Bd6 7. Qc2 O-O 8.
Bd3 Re8+ 9. Ne2 h5 10. O-O h4 11. h3 Nd7 12. Be3 Nf8 13. c4 Be6 14. b3 Qd7 15.
Rad1 Rad8 16. Nf4 Bxf4 17. Bxf4 g5 18. Bh2 Kg7 19. Be4 Ng6 20. d5 cxd5 21. cxd5
Bxh3 22. gxh3 Qxh3 23. Bg2 Qg4 24. Qc3 Re2 25. Qf3 Qxf3 26. Bxf3 Rxa2 27. Rfe1
f5 28. Bc7 Rd7 29. d6 Nf4 30. Kf1 g4 31. Rd4 Ne6 32. Rxe6 fxe6 33. Bxb7 Rc2 34.
Bc8 Rc1+ 35. Kg2 h3+ 36. Kh2 Rcxc7 37. dxc7 Rxc7 38. Bxe6 Kf6 39. Bc4 Kg5 40.
Kg3 Rh7 41. f4+ gxf3 42. Rd2 h2 43. Rxh2 f4+ 44. Kxf3 Rxh2 0-1

[Event "Euro Online U2300 Day 2"]
[Site "chess.com INT"]
[Date "2020.05.26"]
[Round "3"]
[White "Dmitrenko, Viktor"]
[Black "Kacprzak, Kacper"]
[Result "1/2-1/2"]
[WhiteTitle "IM"]
[WhiteElo "2456"]
[BlackElo "1977"]
[WhiteFideId "14110270"]
[BlackFideId "21819319"]
[EventDate "2020.05.26"]

1. d4 Nf6 2. c4 d6 3. Nf3 Nbd7 4. Nc3 g6 5. Bg5 Bg7 6. e3 O-O 7. Be2 b6 8. O-O
Bb7 9. Nd2 h6 10. Bh4 e5 11. Bf3 Qc8 12. Bxb7 Qxb7 13. Qf3 c6 14. d5 cxd5 15.
Bxf6 Nxf6 16. Nxd5 Nxd5 17. cxd5 f5 18. e4 Rac8 19. Rfc1 a5 20. a4 Kh7 21. Qb3
Rc7 22. Rc3 Rxc3 23. bxc3 Rc8 24. c4 Qc7 25. Rb1 Rb8 26. h4 f4 27. Qh3 h5 28.
Qe6 Rf8 29. c5 Qxc5 30. Nf3 Qc7 31. Ng5+ Kh6 32. Kh2 Qc2 33. Rf1 Qc7 34. Rb1 Qc2
35. Rf1 Qc7 36. Rb1 1/2-1/2

[Event "Euro Online U2300 Day 2"]
[Site "chess.com INT"]
[Date "2020.05.26"]
[Round "3"]
[White "Svane, Frederik"]
[Black "Hansen, Carsten"]
[Result "1/2-1/2"]
[BlackTitle "FM"]
[WhiteElo "2421"]
[BlackElo "2270"]
[WhiteFideId "12923044"]
[BlackFideId "1400444"]
[EventDate "2020.05.26"]

1. e4 c5 2. Nf3 Nc6 3. Bb5 g6 4. O-O Bg7 5. d3 e5 6. a3 Nge7 7. b4 d6 8. Be3 b6
9. c4 O-O 10. Nc3 Nd4 11. Bxd4 exd4 12. Nd5 Nxd5 13. exd5 a6 14. Bc6 Ra7 15. Re1
a5 16. bxc5 bxc5 17. Rb1 Bf5 18. Rb2 Bf6 19. Rbe2 Re7 20. Rxe7 Bxe7 21. Qe2 Bf6
22. Nd2 h5 23. g3 Kg7 24. Ne4 Bxe4 25. Qxe4 Qc7 26. Kg2 Rb8 27. Bb5 Qa7 28. a4
Rb7 29. Qf3 Re7 30. Rb1 Bg5 31. h4 Bd2 32. Bc6 Bb4 33. Rb2 Re5 34. Re2 Qe7 35.
Rxe5 Qxe5 36. Qe4 Qxe4+ 37. dxe4 f6 38. f4 Kf7 39. Bd7 Ke7 40. Bh3 Be1 41. Kf3
d3 42. Bf1 d2 43. Be2 Kf7 44. Bd1 Ke7 45. Kg2 Kf7 46. Kh2 Ke7 47. Kh3 Bf2 48.
Kg2 Be1 49. f5 Kf7 50. Kf3 Kg7 51. Kf4 Bf2 52. fxg6 Kxg6 53. g4 Bxh4 54. gxh5+
Kf7 55. Kf5 Bg5 56. Kg4 Bh6 57. Kf5 Be3 58. Be2 Bh6 59. Bf3 Be3 60. Bd1 Bh6 61.
Kg4 Be3 62. Kf3 Bh6 63. Kg4 Be3 64. Kf5 Bh6 65. e5 fxe5 66. Be2 Be3 67. Bd1 Bh6
68. Be2 Be3 69. Ke4 Bf4 70. Kf5 Be3 1/2-1/2

[Event "Euro Online U2300 Day 2"]
[Site "chess.com INT"]
[Date "2020.05.26"]
[Round "3"]
[White "Willow, Jonah B"]
[Black "Tymrakiewicz, Rafal"]
[Result "1-0"]
[WhiteTitle "FM"]
[BlackTitle "FM"]
[WhiteElo "2386"]
[BlackElo "2253"]
[WhiteFideId "438804"]
[BlackFideId "1108832"]
[EventDate "2020.05.26"]

1. e4 Nf6 2. Nc3 d5 3. e5 Ne4 4. Nce2 f6 5. d3 Ng5 6. f4 Nf7 7. d4 c5 8. c3 Nc6
9. Nf3 Bg4 10. Be3 e6 11. Ng3 cxd4 12. cxd4 Qb6 13. Qb3 Bb4+ 14. Kf2 Bxf3 15.
gxf3 fxe5 16. fxe5 O-O 17. Rd1 a5 18. Kg2 a4 19. Qd3 Rac8 20. Be2 Be7 21. a3 Na5
22. Bc1 Nc4 23. f4 Nh6 24. Rhf1 g6 25. Kh1 Kh8 26. Bf3 Rf7 27. Qe2 Rcf8 28. Rf2
Qb3 29. Rdf1 b5 30. Bg4 Nxg4 31. Qxg4 b4 32. axb4 Bxb4 33. Qxe6 a3 34. bxa3 Nxa3
35. Rf3 Qa4 36. Bxa3 Bxa3 37. Qxd5 Be7 38. Ne4 1-0

[Event "Euro Online U2300 Day 2"]
[Site "chess.com INT"]
[Date "2020.05.26"]
[Round "3"]
[White "Spyropoulos, Nikolaos"]
[Black "Risteski, Emil"]
[Result "1-0"]
[WhiteTitle "FM"]
[WhiteElo "2403"]
[BlackElo "2159"]
[WhiteFideId "4298977"]
[BlackFideId "15005267"]
[EventDate "2020.05.26"]

1. e4 c5 2. Nf3 Nc6 3. d4 cxd4 4. Nxd4 Nf6 5. Nc3 e5 6. Ndb5 d6 7. Bg5 a6 8. Na3
b5 9. Bxf6 gxf6 10. Nd5 f5 11. c3 Bg7 12. exf5 Bxf5 13. Nc2 O-O 14. Nce3 Be6 15.
Bd3 f5 16. O-O e4 17. Nf4 Bf7 18. Bc2 Be5 19. Ned5 Qg5 20. Nh3 Qh6 21. f4 exf3
22. Qxf3 Bh5 23. Qf2 Kh8 24. Qh4 Rg8 25. Ndf4 Bxf4 26. Nxf4 Rg5 27. Bd1 Rag8 28.
Bxh5 Ne5 29. Qh3 Nc4 30. Rf2 Ne5 31. Raf1 a5 32. Be2 1-0

[Event "Euro Online U2300 Day 2"]
[Site "chess.com INT"]
[Date "2020.05.26"]
[Round "3"]
[White "Godzwon, Iwo"]
[Black "Gallasch, Jonas"]
[Result "1-0"]
[WhiteTitle "FM"]
[WhiteElo "2347"]
[BlackElo "2090"]
[WhiteFideId "21802483"]
[BlackFideId "16222474"]
[EventDate "2020.05.26"]

1. e4 c6 2. d4 d5 3. e5 c5 4. dxc5 e6 5. Qg4 Nc6 6. Nf3 Nge7 7. Nc3 Nf5 8. Bd3
h5 9. Qf4 Bxc5 10. Bxf5 exf5 11. O-O Be6 12. Rd1 Ne7 13. Be3 Bxe3 14. Qxe3 O-O
15. Qg5 Ng6 16. Qxh5 Nf4 17. Qg5 Qxg5 18. Nxg5 Rfd8 19. g3 Ng6 20. f4 Rac8 21.
Rd2 Ne7 22. Rad1 Rc5 23. Ne2 Nc6 24. c3 Rc8 25. Nd4 Nxd4 26. Rxd4 b5 27. Kf2 a5
28. Ke3 Kf8 29. Nf3 Ke7 30. R4d2 b4 31. cxb4 axb4 32. Nd4 Ra8 33. b3 Kd7 34. Ra1
Rac8 35. Ke2 Rh8 36. h4 Rc3 37. Kf2 Rhc8 38. Re1 R8c5 39. Ree2 Kc7 40. Nc2 Kb6
41. Nxb4 Kb5 42. Nc2 Rc8 43. Ne3 Rd8 44. Rd4 Kc5 45. Red2 Ra8 46. Nxd5 Rd8 47.
Nxc3 Rxd4 48. Na4+ Kd5 49. Ke3 Rxd2 50. Kxd2 Kd4 51. Nc3 Bd7 52. a4 Bc6 53. a5
Kc5 54. Ne2 Kb4 55. Nd4 Bd7 56. a6 Bc8 57. a7 Bb7 58. Nxf5 Kxb3 59. Nxg7 Kc4 60.
h5 Kb5 61. h6 Be4 62. h7 Bxh7 63. a8=Q 1-0

[Event "Euro Online U2300 Day 2"]
[Site "chess.com INT"]
[Date "2020.05.26"]
[Round "3"]
[White "Sahakyan, Arman K."]
[Black "Jeszenszky, Jozsef"]
[Result "0-1"]
[WhiteElo "1775"]
[BlackElo "2099"]
[WhiteFideId "13310992"]
[BlackFideId "753564"]
[EventDate "2020.05.26"]

1. d4 d5 2. c4 e6 3. Nc3 c6 4. e3 Nf6 5. Nf3 Nbd7 6. Bd3 dxc4 7. Bxc4 b5 8. Bb3
Bb7 9. O-O a6 10. a3 c5 11. dxc5 Bxc5 12. Bc2 O-O 13. e4 Qb6 14. Bf4 Rfd8 15.
Qe2 Rac8 16. Rad1 Bxa3 17. bxa3 Rxc3 18. Bb1 Rxa3 19. Rd6 Qa7 20. Rfd1 Ra1 21.
Be5 Nxe4 22. Bxa1 Nxd6 23. Rxd6 Qc5 24. Rd1 Bd5 25. Ng5 h6 26. Bh7+ Kf8 27. Ne4
Qc4 28. Qg4 e5 29. Bf5 Bxe4 30. Bxe4 Ke7 31. Qf5 Qe6 32. Qf3 Nc5 33. Rxd8 Kxd8
34. Bd5 Qg6 35. Qd1 Qd3 36. Qxd3 Nxd3 37. Bxf7 Ke7 38. Bg6 Nf4 39. Be4 Kd6 40.
g3 Nd5 41. Kf1 a5 42. Bd3 b4 43. Bc2 Nb6 44. f4 exf4 45. gxf4 Nd5 46. Be5+ Kc5
47. Ke2 Kc4 48. Bd3+ Kb3 49. Be4 Nc3+ 50. Bxc3 Kxc3 51. Kd1 Kb2 52. Bc6 b3 53.
f5 Ka2 54. Bd5 a4 55. Bc6 a3 56. Bd5 Kb2 0-1

[Event "Euro Online U2300 Day 2"]
[Site "chess.com INT"]
[Date "2020.05.26"]
[Round "3"]
[White "Kiremitciyan, Ari"]
[Black "Averyanov, Grigori"]
[Result "0-1"]
[WhiteTitle "FM"]
[WhiteElo "2281"]
[BlackElo "2274"]
[WhiteFideId "6373445"]
[BlackFideId "44150288"]
[EventDate "2020.05.26"]

1. d4 Nf6 2. c4 e6 3. Nf3 Bb4+ 4. Bd2 Qe7 5. g3 Nc6 6. Bg2 Bxd2+ 7. Nbxd2 d6 8.
O-O e5 9. dxe5 dxe5 10. Ng5 O-O 11. Bxc6 bxc6 12. Qc2 h6 13. Nge4 Bf5 14. Nxf6+
Qxf6 15. e4 Bh3 16. Rfd1 Rfd8 17. f3 Rd4 18. Nb3 Rxd1+ 19. Qxd1 Rd8 20. Qe2 Qd6
21. Rc1 c5 22. Rc2 Qa6 23. a3 Qb6 24. Rc3 a5 25. Nc1 a4 26. Rd3 Rd4 27. Rxd4
cxd4 28. Nd3 Be6 29. c5 Qb5 30. Qd2 Bc4 31. Nxe5 Qxc5 32. f4 Ba6 33. Nf3 d3+ 34.
Kg2 Qc4 35. Qe3 Qc2+ 36. Nd2 Qxb2 37. f5 Qxa3 38. e5 Qe7 39. e6 fxe6 40. fxe6
Bb7+ 41. Kh3 Bd5 42. Qxd3 Qxe6+ 43. g4 h5 44. Qd4 hxg4+ 45. Kg3 Qd6+ 46. Kh4
Qxh2+ 47. Kxg4 Qg2+ 48. Kf4 a3 49. Ke5 c6 50. Kd6 a2 51. Qe5 Qg6+ 52. Kc5 Qc2+
53. Kd6 Qxd2 54. Qe8+ Kh7 55. Qh5+ Qh6+ 56. Qxh6+ 0-1

[Event "Euro Online U2300 Day 2"]
[Site "chess.com INT"]
[Date "2020.05.26"]
[Round "3"]
[White "Kacharava, Nikolozi"]
[Black "Toure, Vasanth"]
[Result "1-0"]
[WhiteTitle "IM"]
[WhiteElo "2437"]
[BlackElo "2132"]
[WhiteFideId "13611860"]
[BlackFideId "26014580"]
[EventDate "2020.05.26"]

1. e4 e5 2. Nf3 Nc6 3. Bc4 Bc5 4. c3 Nf6 5. d3 d6 6. O-O a6 7. Nbd2 Ba7 8. a4
O-O 9. h3 h6 10. Re1 Nh5 11. Nf1 Qf6 12. Be3 Nf4 13. Bxa7 Rxa7 14. Ng3 g6 15.
Nh2 h5 16. Qf3 Kg7 17. Ne2 Nxe2+ 18. Qxe2 Na5 19. Bd5 c6 20. Ba2 c5 21. Bd5 Be6
22. Bxe6 Qxe6 23. Qe3 Nc6 24. f4 exf4 25. Qxf4 Ne5 26. Qe3 b6 27. Nf3 Rd7 28.
Nxe5 dxe5 29. a5 Rfd8 30. Red1 b5 31. Rd2 Qd6 32. Rf1 Qc7 33. Rdf2 Qd6 34. Qg5
Qe6 35. Rf6 Qe8 36. Rxa6 Rxd3 37. Qf6+ Kg8 38. Rb6 Rd2 39. a6 Rxb2 40. a7 Ra2
41. Rb8 Rxb8 42. Qxf7+ Kh8 43. axb8=Q Qxb8 44. Qxa2 b4 45. cxb4 cxb4 46. Qf2 Qd6
47. Qf8+ 1-0